000 00481nam a2200169 i 4500
001 35352
003 ES-MaACL
005 20251122063110.0
007 t|
008 030212s1971 sp ||||1| spa d
100 1 _aBorges, Jorge Luis,
_d1899-1986
_9242526
245 1 0 _aHistoria universal de la infamia /
_cJorge Luis Borges.
260 _aMadrid :
_bAlianza,
_c[1971]
300 _a139 p. ;
_c18 cm.
852 _aES-MaACL
_jC-46566
_bR.80205
999 _c35352
_d35352